000
00422nam a2200145Ia 4500
008
100204s9999 xx 000 0 und d
082
_b
25845
100
_a
ठाकूर दिलीप
245
_a
बॉलिवुड
260
_b
"संवेदना प्रकाशन, मुंबई"
_c
2003
300
_a
120
630
_a
बॉलिवुड
730
_a
बॉलिवुड
942
_c
BOOK
999
_c
471024
_d
471021